01820nam a2200409 a 4500001001200000003000800012006001900020007001500039008004100054010001700095020003100112020002800143040002100171035002100192050002300213082002100236100003200257245012700289260004300416300002400459490002100483504006400504505022700568533015200795650002100947650002200968650003800990650002601028650004801054650002201102650004501124655002901169710001701198830005201215856012601267999001701393ebr10256719CaPaEBRm u cr cn|||||||||071211s2008 nyua sb 001 0 eng  z 2007050638 z9781593322410 (alk. paper) z1593322410 (alk. paper) aCaPaEBRcCaPaEBR a(OCoLC)47113276214aHQ783b.V47 2008eb04a305.23086/922221 aVerrill, Stephen W.,d1963-10aSocial structure-social learning and delinquencyh[electronic resource] :bmediation or moderation? /cStephen W. Verrill. aNew York :bLFB Scholarly Pub.,c2008. avii, 188 p. :bill.1 aCriminal justice aIncludes bibliographical references (p. 153-182) and index.0 aSocial learning theory -- Social structure-social learning -- Crime rate determinants -- Research design and analytic strategy -- The case for moderating effects -- Reconciliation of previous literature -- Future research. aElectronic reproduction.bPalo Alto, Calif. :cebrary,d2013.nAvailable via World Wide Web.nAccess may be limited to ebrary affiliated libraries. 0aSocial learning. 0aSocial structure. 0aCriminal behavior, Prediction of. 0aJuvenile delinquency. 0aJuvenile delinquentsxFamily relationships. 0aDeviant behavior. 0aParent and childxPsychological aspects. 7aElectronic books.2local2 aebrary, Inc. 0aCriminal justice (LFB Scholarly Publishing LLC)40uhttp://site.ebrary.com/lib/rucke/Doc?id=10256719zAn electronic book accessible through the World Wide Web; click to view c31338d31338